La crise de l'économie française à la fin de l'Ancien Régime et au début de la Révolution. (Record no. 87699)
[ view plain ]
| 000 -LEADER | |
|---|---|
| campo de control de longitud fija | 00712nam a2200181 i 4500 |
| 001 - NÚMERO DE CONTROL | |
| campo de control | 87699 |
| 003 - IDENTIFICADOR DE NÚMERO DE CONTROL | |
| campo de control | ES-MaACL |
| 005 - FECHA Y HORA DE LA ÚLTIMA TRANSACCIÓN | |
| campo de control | 20250819063045.0 |
| 007 - CAMPO FIJO DE DESCRIPCIÓN FÍSICA--INFORMACIÓN GENERAL | |
| campo de control de longitud fija | t| |
| 008 - DATOS DE LONGITUD FIJA--INFORMACIÓN GENERAL | |
| campo de control de longitud fija | 041223q1944 fr ||||1| fre d |
| 100 1# - ENTRADA PRINCIPAL--NOMBRE DE PERSONA | |
| Nombre de persona | Labrousse, Ernest, |
| Fechas asociadas al nombre | 1895-1988 |
| 9 (RLIN) | 69298 |
| 245 13 - MENCIÓN DEL TÍTULO | |
| Título | La crise de l'économie française à la fin de l'Ancien Régime et au début de la Révolution. |
| Número de parte o sección de la obra | 1, |
| Nombre de parte o sección de la obra | Aperçus généraux, sources, méthode, objectifs, la crise de la viticulture / |
| Mención de responsabilidad, etc. | C.-E. Labrousse. |
| 260 ## - PUBLICACIÓN, DISTRIBUCIÓN, ETC. | |
| Lugar de publicación, distribución, etc. | Paris : |
| Nombre del editor, distribuidor, etc. | Presses Universitaires de France, |
| Fecha de publicación, distribución, etc. | 1944. |
| 300 ## - DESCRIPCIÓN FÍSICA | |
| Extensión | 1 v. (LXXV-664 p. : |
| Otras características físicas | il.) ; |
| Dimensiones | 25 cm. |
| 651 ## - PUNTO DE ACCESO ADICIONAL DE MATERIA--NOMBRE GEOGRÁFICO | |
| Nombre geográfico | Francia- |
| Subdivisión general | Situación económica. |
| 9 (RLIN) | 8717 |
| 852 ## - LOCALIZACIÓN | |
| Ubicación | ES-MaACL |
| Número de control de estantería | P-968 |
| Estatus retirado | Estado de pérdida | Estado de daño | No para préstamo | Biblioteca de origen | Biblioteca actual | Ubicación en estantería | Fecha de adquisición | Fuente de adquisición | Total de préstamos | Signatura topográfica completa | Código de barras | Visto por última vez | Precio de reemplazo | Tipo de ítem Koha |
|---|---|---|---|---|---|---|---|---|---|---|---|---|---|---|
| Biblioteca del Ateneo de Madrid | Biblioteca del Ateneo de Madrid | Depósito 2 | 17/01/2008 | P-968 | 1091618 | 23/02/2023 | 23/02/2023 | Libro impreso |
